[Event "SVK-chT1E 2223"]
[Site "Slovakia"]
[Date "2022.10.16"]
[Round "2.8"]
[White "Luptak, Pavel"]
[Black "Turcan, Martin"]
[Result "1/2-1/2"]
[WhiteElo "1812"]
[BlackElo "1976"]
[PlyCount "109"]
[EventDate "2022.10.15"]
[EventType "team-tourn"]
[EventRounds "11"]
[EventCountry "SVK"]
[SourceTitle "EXT 2024"]
[Source "ChessBase"]
[SourceDate "2023.10.10"]
[SourceVersion "1"]
[SourceVersionDate "2023.10.10"]
[SourceQuality "1"]
[WhiteTeam "Zvolen Slavia"]
[BlackTeam "Zilina Mladost II"]
[WhiteTeamCountry "SVK"]
[BlackTeamCountry "SVK"]

1. e4 e6 2. d4 d5 3. Nc3 Bb4 4. e5 c5 5. Nf3 Nc6 6. Bb5 Bd7 7. Bxc6 Bxc6 8. a3 Bxc3+ 9. bxc3 Bb5 10. Bd2 Ne7 11. Rb1 Qd7 12. Bg5 Ba6 13. Nd2 h6 14. Be3 Nf5 15. Nb3 cxd4 16. Nc5 Nxe3 17. fxe3 Qc8 18. exd4 b6 19. Nxa6 Qxa6 20. Rb3 Rc8 21. Qd3 Qxd3 22. cxd3 Ke7 23. Kd2 Rc7 24. Rc1 Rd8 25. Ke3 f6 26. c4 fxe5 27. dxe5 Rdc8 28. Kd4 dxc4 29. Rxc4 Rd7+ 30. Kc3 Rf8 31. Rb2 Rf1 32. Rd2 Kf7 33. Re2 Ke7 34. Rd2 Kd8 35. h3 Rd5 36. d4 Rc1+ 37. Rc2 Rxc2+ 38. Kxc2 b5 39. Rc6 Rxd4 40. Rxe6 Rc4+ 41. Kb3 a5 42. Rg6 Re4 43. Rxg7 Re3+ 44. Kb2 Rxe5 45. Rg6 h5 46. g4 Re2+ 47. Kb1 hxg4 48. hxg4 Kd7 49. Ra6 a4 50. Rh6 Rg2 51. Rh5 Rxg4 52. Rxb5 Kc6 53. Rb4 Rxb4+ 54. axb4 Kb5 55. Ka2 1/2-1/2

[Event "SVK-chT2C 1920"]
[Site "Slovakia"]
[Date "2020.03.08"]
[Round "11.8"]
[White "Luptak, Pavel"]
[Black "Sustek, Adam"]
[Result "1/2-1/2"]
[WhiteElo "1810"]
[BlackElo "1612"]
[PlyCount "39"]
[EventDate "2019.10.26"]
[EventType "team-tourn"]
[EventRounds "11"]
[EventCountry "SVK"]
[SourceTitle "CBM 195 Extra"]
[Source "ChessBase"]
[SourceDate "2020.05.31"]
[SourceVersion "1"]
[SourceVersionDate "2020.05.31"]
[SourceQuality "1"]
[WhiteTeam "Zvolen Slavia"]
[BlackTeam "Liptov Chess School III"]
[WhiteTeamCountry "SVK"]
[BlackTeamCountry "SVK"]

1. e4 e6 2. d4 d5 3. Nc3 Nf6 4. e5 Nfd7 5. f4 b6 6. Nf3 c5 7. Bd3 Ba6 8. Be3 Bxd3 9. Qxd3 Nc6 10. a3 cxd4 11. Nxd4 Nxd4 12. Bxd4 Nc5 13. Qb5+ Qd7 14. Qe2 Na4 15. Nxa4 Qxa4 16. c3 Bc5 17. b4 Bxd4 18. cxd4 Rc8 19. 0-0 0-0 20. f5 1/2-1/2

[Event "SVK-chT2C 1819"]
[Site "Slovakia"]
[Date "2018.12.16"]
[Round "6.8"]
[White "Luptak, Pavel"]
[Black "Ballo, Rene"]
[Result "1/2-1/2"]
[WhiteElo "1786"]
[BlackElo "1905"]
[PlyCount "25"]
[EventDate "2018.10.13"]
[EventType "team-tourn"]
[EventRounds "11"]
[EventCountry "SVK"]
[SourceTitle "CBM 189 Extra"]
[Source "ChessBase"]
[SourceDate "2019.06.03"]
[SourceVersion "1"]
[SourceVersionDate "2019.06.03"]
[SourceQuality "1"]
[WhiteTeam "Zvolen Slavia"]
[BlackTeam "Filakovo"]
[WhiteTeamCountry "SVK"]
[BlackTeamCountry "SVK"]

1. e4 c5 2. Nf3 g6 3. d4 cxd4 4. Nxd4 Bg7 5. Nc3 a6 6. Be3 d6 7. Qd2 Nc6 8. Be2 Bd7 9. 0-0 Rc8 10. Kh1 h5 11. Nd5 Nf6 12. Nxc6 Bxc6 13. f3 1/2-1/2

[Event "SVK-chT2C 1718"]
[Site "Slovakia"]
[Date "2018.03.18"]
[Round "11.8"]
[White "Slivka, David"]
[Black "Luptak, Pavel"]
[Result "1-0"]
[WhiteElo "1828"]
[BlackElo "1781"]
[PlyCount "75"]
[EventDate "2017.10.28"]
[EventType "team-tourn"]
[EventRounds "11"]
[EventCountry "SVK"]
[SourceTitle "EXT 2020"]
[Source "ChessBase"]
[SourceDate "2019.10.17"]
[SourceVersion "1"]
[SourceVersionDate "2019.10.17"]
[SourceQuality "1"]
[WhiteTeam "Cadca Caissa"]
[BlackTeam "Zvolen Slavia"]
[WhiteTeamCountry "SVK"]
[BlackTeamCountry "SVK"]

1. d4 Nf6 2. Nf3 g6 3. c4 Bg7 4. Nc3 d6 5. e4 0-0 6. Be2 e5 7. d5 Nbd7 8. 0-0 Nc5 9. Qc2 Ne8 10. Be3 Na6 11. Nd2 f5 12. f3 f4 13. Bf2 g5 14. a3 h5 15. Rfd1 g4 16. Nf1 Qg5 17. b4 Rf6 18. fxg4 hxg4 19. g3 f3 20. Bd3 Qh5 21. c5 Qh3 22. Be3 Bh6 23. Bxh6 Qxh6 24. c6 Ng7 25. Qf2 Qh3 26. Ne3 bxc6 27. dxc6 Nb8 28. Ncd5 Rf7 29. b5 Be6 30. a4 Nh5 31. Bf1 Nf4 32. Nxf4 Qh6 33. Nxe6 Qxe6 34. Bc4 Qh6 35. Nf5 Qg5 36. Qa2 Qh5 37. Bxf7+ Qxf7 38. Nh6+ 1-0

[Event "SVK-chT2C 1718"]
[Site "Slovakia"]
[Date "2017.10.28"]
[Round "1.8"]
[White "Luptak, Pavel"]
[Black "Brnusak, Tomas"]
[Result "1-0"]
[WhiteElo "1781"]
[BlackElo "1841"]
[PlyCount "67"]
[EventDate "2017.10.28"]
[EventType "team-tourn"]
[EventRounds "11"]
[EventCountry "SVK"]
[SourceTitle "CBM 181 Extra"]
[Source "ChessBase"]
[SourceDate "2017.12.12"]
[SourceVersion "1"]
[SourceVersionDate "2017.12.12"]
[SourceQuality "1"]
[WhiteTeam "Zvolen Slavia"]
[BlackTeam "Liptov Chess School III"]
[WhiteTeamCountry "SVK"]
[BlackTeamCountry "SVK"]

1. e4 c5 2. Nf3 e6 3. d4 cxd4 4. Nxd4 Nc6 5. Nc3 Qc7 6. Be2 a6 7. Be3 Nf6 8. 0-0 Bb4 9. f3 b5 10. Kh1 Bb7 11. a3 Be7 12. Bf2 Bd6 13. Ndxb5 axb5 14. Nxb5 Qb8 15. Qxd6 Ne7 16. Qxb8+ Rxb8 17. Nd6+ Kf8 18. Nxb7 Rxb7 19. b4 Ng6 20. a4 Ke7 21. a5 d6 22. b5 Nd7 23. a6 Rc7 24. Rfc1 Nc5 25. b6 Rc6 26. Bxc5 dxc5 27. b7 Kd6 28. a7 Kc7 29. a8Q Rb8 30. Rcb1 Nf4 31. Qxb8+ Kxb8 32. Ra8+ Kc7 33. b8Q+ Kd7 34. Qd8# 1-0

[Event "SVK-chT2C 1314"]
[Site "Slovakia"]
[Date "2014.02.22"]
[Round "8.8"]
[White "Luptak, Pavel"]
[Black "Sustek, Radoslav"]
[Result "1/2-1/2"]
[WhiteElo "1781"]
[BlackElo "1685"]
[PlyCount "70"]
[EventDate "2013.10.19"]
[EventType "team-tourn"]
[EventRounds "11"]
[EventCountry "SVK"]
[SourceTitle "EXT 2015"]
[Source "ChessBase"]
[SourceDate "2014.11.20"]
[SourceVersion "1"]
[SourceVersionDate "2014.11.20"]
[SourceQuality "1"]
[WhiteTeam "Zvolen Slavia"]
[BlackTeam "Zilina Mladost II"]
[WhiteTeamCountry "SVK"]
[BlackTeamCountry "SVK"]

1. e4 c6 2. d4 d5 3. exd5 cxd5 4. Nf3 Bf5 5. Bd3 Bxd3 6. Qxd3 Nc6 7. c3 a6 8. 0-0 e6 9. Bf4 Nf6 10. Nbd2 Be7 11. Rfe1 0-0 12. h3 h6 13. Ne5 Nxe5 14. Bxe5 Bd6 15. Qg3 Bxe5 16. Qxe5 b5 17. f3 Rc8 18. Nb3 Rc6 19. Nc5 Nd7 20. Nxd7 Qxd7 21. a3 Rfc8 22. Re3 a5 23. f4 g6 24. Rf3 Rc4 25. h4 h5 26. Rg3 Kh7 27. Qf6 b4 28. axb4 axb4 29. Ra6 bxc3 30. bxc3 Rxc3 31. Rxc3 Rxc3 32. Ra8 Rc8 33. Rxc8 Qxc8 34. Qxf7+ Kh6 35. Qf6 Kh7 1/2-1/2

[Event "SVK-chT2C 1314"]
[Site "Slovakia"]
[Date "2014.01.11"]
[Round "5.8"]
[White "Urhegyi, Ferenc"]
[Black "Luptak, Pavel"]
[Result "1/2-1/2"]
[WhiteElo "1946"]
[BlackElo "1781"]
[PlyCount "117"]
[EventDate "2013.10.19"]
[EventType "team-tourn"]
[EventRounds "11"]
[EventCountry "SVK"]
[SourceTitle "EXT 2015"]
[Source "ChessBase"]
[SourceDate "2014.11.20"]
[SourceVersion "1"]
[SourceVersionDate "2014.11.20"]
[SourceQuality "1"]
[WhiteTeam "Cebovce"]
[BlackTeam "Zvolen Slavia"]
[WhiteTeamCountry "SVK"]
[BlackTeamCountry "SVK"]

1. e4 e5 2. Nf3 Nc6 3. Bb5 a6 4. Ba4 Nf6 5. 0-0 b5 6. Bb3 d6 7. c3 Be7 8. d4 Bg4 9. Be3 0-0 10. h3 Bh5 11. Nbd2 Na5 12. Bc2 Nc6 13. a3 Rc8 14. b4 Re8 15. Qc1 Bf8 16. Nh2 Bg6 17. Qb2 exd4 18. cxd4 Nxe4 19. Nxe4 Bxe4 20. Bb3 d5 21. Rac1 Ne7 22. Ng4 Ng6 23. Rc6 Re6 24. Rfc1 Qd7 25. Qc3 Bd6 26. Kf1 h5 27. Ne5 Nxe5 28. dxe5 Bxe5 29. Qc5 Bd3+ 30. Kg1 Bc4 31. Rxe6 Qxe6 32. Bc2 Qd6 33. Re1 Re8 34. Kh1 Bc3 35. Rd1 Qxc5 36. Bxc5 Re1+ 37. Rxe1 Bxe1 38. a4 Bc3 39. a5 g6 40. Kg1 f5 41. f3 Kf7 42. Kf2 d4 43. f4 Ke6 44. h4 Kd5 45. Bd1 Bd3 46. Bb3+ Ke4 47. g3 Bc4 48. Bd1 Kd3 49. Be2+ Kc2 50. Bxc4 bxc4 51. b5 d3 52. bxa6 d2 53. a7 d1Q 54. a8Q Be1+ 55. Kg2 Qe2+ 56. Kh3 Qg4+ 57. Kg2 Bxg3 58. Qe8 Bxh4+ 59. Kh1 1/2-1/2

[Event "SVK-chT2C 1213"]
[Site "Slovakia"]
[Date "2012.12.15"]
[Round "5.7"]
[White "Chyla, Jiri"]
[Black "Luptak, Pavel"]
[Result "1-0"]
[WhiteElo "1983"]
[BlackElo "1800"]
[PlyCount "181"]
[EventDate "2012.10.13"]
[EventType "team-tourn"]
[EventRounds "11"]
[EventCountry "SVK"]
[SourceTitle "EXT 2015"]
[Source "ChessBase"]
[SourceDate "2014.11.20"]
[SourceVersion "1"]
[SourceVersionDate "2014.11.20"]
[SourceQuality "1"]
[WhiteTeam "Jelsava"]
[BlackTeam "Zvolen Slavia"]
[WhiteTeamCountry "SVK"]
[BlackTeamCountry "SVK"]

1. d4 Nf6 2. c4 e6 3. Nf3 d5 4. e3 c6 5. Be2 Nbd7 6. 0-0 Bd6 7. Nc3 dxc4 8. Bxc4 0-0 9. e4 Be7 10. Re1 h6 11. Qe2 Re8 12. h3 Nf8 13. Rd1 Ng6 14. Ne5 Nf8 15. Bf4 Qa5 16. a3 Bd7 17. b4 Qd8 18. Bd3 b5 19. Nxd7 Qxd7 20. Be3 a6 21. Qf3 Qb7 22. e5 Nd5 23. Ne4 Red8 24. Nc5 Bxc5 25. dxc5 Qe7 26. Qg3 Kh8 27. Qf3 Ra7 28. Bc2 Rad7 29. g3 Qe8 30. Bd2 Qe7 31. Kh2 Qe8 32. Kg2 Ne7 33. Bc3 Nd5 34. Bd2 Ne7 35. Bc3 Nd5 36. Be1 Qe7 37. Bd2 Qe8 38. a4 Ra8 39. Kh2 Qb8 40. Qe4 Ng6 41. f4 Nf8 42. a5 Qe8 43. Qf3 Rad8 44. Ra3 Ne7 45. Be1 Rxd1 46. Bxd1 Qd7 47. Bc2 Nd5 48. Rd3 Qe7 49. Rd4 Qe8 50. g4 g6 51. h4 Rd7 52. Be4 Qe7 53. Rd3 Kg7 54. Qg3 Nh7 55. f5 Kh8 56. fxg6 fxg6 57. Bxg6 Qg7 58. Be4 Re7 59. Rf3 Qg8 60. Kh3 Rf7 61. Qg2 Rxf3+ 62. Qxf3 Qf8 63. Bxd5 exd5 64. Qe3 Qf1+ 65. Kg3 d4 66. Qf2 Qc4 67. e6 Qxe6 68. Qxd4+ Qf6 69. Bc3 Qxd4 70. Bxd4+ Kg8 71. Kf4 Nf8 72. Kf5 Kf7 73. g5 hxg5 74. hxg5 Ng6 75. Bf2 Nf8 76. Bd4 Ng6 77. Bf6 Nh4+ 78. Ke5 Ke8 79. Kd6 Nf5+ 80. Kxc6 Ne3 81. g6 Nc2 82. Bc3 Ne3 83. g7 Kf7 84. Kb7 Nd5 85. Bd2 Kxg7 86. Kxa6 Kf7 87. Kxb5 Ke8 88. Kc6 Ne7+ 89. Kb7 Kd7 90. a6 Nc6 91. a7 1-0

[Event "SVK-chT2C 1213"]
[Site "Slovakia"]
[Date "2012.10.13"]
[Round "1.7"]
[White "Staffen, Richard"]
[Black "Luptak, Pavel"]
[Result "1-0"]
[WhiteElo "1883"]
[BlackElo "1800"]
[PlyCount "97"]
[EventDate "2012.10.13"]
[EventType "team-tourn"]
[EventRounds "11"]
[EventCountry "SVK"]
[SourceTitle "EXT 2015"]
[Source "ChessBase"]
[SourceDate "2014.11.20"]
[SourceVersion "1"]
[SourceVersionDate "2014.11.20"]
[SourceQuality "1"]
[WhiteTeam "Zilina Mladost II"]
[BlackTeam "Zvolen Slavia"]
[WhiteTeamCountry "SVK"]
[BlackTeamCountry "SVK"]

1. d4 Nf6 2. c4 e6 3. Nc3 Bb4 4. Qc2 0-0 5. Nf3 d5 6. a3 Bxc3+ 7. Qxc3 Ne4 8. Qc2 c5 9. cxd5 exd5 10. dxc5 Nc6 11. b4 Bf5 12. Qb2 d4 13. Bf4 Re8 14. Rd1 Nc3 15. Rd2 Nxe2 16. Bxe2 d3 17. Be3 Qd5 18. Bd1 Qe4 19. 0-0 Rad8 20. Bb3 Qg4 21. h3 Qh5 22. Bd1 Bg6 23. Nd4 Qh4 24. Nxc6 bxc6 25. Bf3 Re6 26. Kh2 f5 27. g3 Qe7 28. Bf4 Re1 29. Bd6 Qe8 30. Rxe1 Qxe1 31. Rxd3 f4 32. Rd1 fxg3+ 33. fxg3 Qe8 34. Qe2 Qxe2+ 35. Bxe2 Be4 36. Bc4+ Kh8 37. Rf1 h6 38. Rf8+ Rxf8 39. Bxf8 Bf5 40. Ba6 Bc2 41. Bd6 Kg8 42. Bb8 Kf8 43. Bxa7 Ke7 44. Bb8 Kd7 45. Be5 g6 46. Bc4 Ke7 47. Kg2 g5 48. g4 Bg6 49. a4 1-0

[Event "SVK-chT2C 1112"]
[Site "Slovakia"]
[Date "2012.02.26"]
[Round "11.8"]
[White "Luptak, Pavel"]
[Black "Suchy, Daniel"]
[Result "1-0"]
[WhiteElo "1841"]
[BlackElo "1822"]
[PlyCount "89"]
[EventDate "2011.10.08"]
[EventType "team-tourn"]
[EventRounds "11"]
[EventCountry "SVK"]
[SourceTitle "EXT 2013"]
[Source "ChessBase"]
[SourceDate "2012.11.22"]
[SourceVersion "1"]
[SourceVersionDate "2012.11.22"]
[SourceQuality "1"]
[WhiteTeam "Zvolen Slavia"]
[BlackTeam "Filakovo"]
[WhiteTeamCountry "SVK"]
[BlackTeamCountry "SVK"]

1. d4 d5 2. c4 c6 3. Nf3 Nf6 4. Nc3 dxc4 5. a4 Bf5 6. e3 e6 7. Bxc4 Bb4 8. 0-0 Nbd7 9. Qe2 0-0 10. e4 Bg4 11. e5 Bxf3 12. Qxf3 Nd5 13. Qg3 f6 14. Bd3 fxe5 15. dxe5 Bxc3 16. bxc3 Qc7 17. Re1 Nc5 18. Bc2 b6 19. Ba3 Qf7 20. c4 Nf4 21. Rad1 Qh5 22. Kh1 Rf7 23. Bxc5 bxc5 24. Qe3 Raf8 25. Be4 Ng6 26. Bc2 Nf4 27. Rd2 Qg5 28. g3 Nh3 29. f4 Qg4 30. Qd3 Qh5 31. Bd1 Qf5 32. Qxf5 exf5 33. Kg2 Nxf4+ 34. gxf4 g6 35. Rd6 Kg7 36. Kg3 Rb8 37. h4 Rb4 38. h5 gxh5 39. Bxh5 Rxc4 40. Rg1 Rf8 41. Kh4+ Kh8 42. Rd7 Rxf4+ 43. Kh3 Rg8 44. Rxg8+ Kxg8 45. e6 1-0

[Event "SVK-chT2C 1112"]
[Site "Slovakia"]
[Date "2011.12.04"]
[Round "6.8"]
[White "Luptak, Pavel"]
[Black "Adamciak, Tomas"]
[Result "0-1"]
[WhiteElo "1841"]
[BlackElo "1726"]
[PlyCount "100"]
[EventDate "2011.10.08"]
[EventType "team-tourn"]
[EventRounds "11"]
[EventCountry "SVK"]
[SourceTitle "EXT 2013"]
[Source "ChessBase"]
[SourceDate "2012.11.22"]
[SourceVersion "1"]
[SourceVersionDate "2012.11.22"]
[SourceQuality "1"]
[WhiteTeam "Zvolen Slavia"]
[BlackTeam "Liptov Chess School II"]
[WhiteTeamCountry "SVK"]
[BlackTeamCountry "SVK"]

1. e4 e5 2. Nf3 Nc6 3. Bb5 a6 4. Ba4 Nf6 5. 0-0 Be7 6. Re1 b5 7. Bb3 d6 8. c3 0-0 9. h3 Na5 10. Bc2 c5 11. d4 Qc7 12. d5 Bd7 13. a3 Rfc8 14. Bg5 Nc4 15. b3 Nb6 16. Nbd2 a5 17. c4 a4 18. Re3 Ra7 19. Bd3 axb3 20. Qxb3 b4 21. Bc2 Ba4 22. Qb2 Bxc2 23. Qxc2 Rca8 24. Qc1 Ra4 25. Rb3 R8a5 26. Qb2 Qa7 27. Kh2 Rxa3 28. Raxa3 Rxa3 29. Qc2 Rxb3 30. Nxb3 Qa3 31. Bc1 Qa6 32. Nfd2 Nh5 33. g3 Bg5 34. h4 Bh6 35. f4 Nf6 36. f5 Ng4+ 37. Kh3 Ne3 38. Qd3 Nexc4 39. Nxc5 dxc5 40. d6 Bxd2 41. d7 Nxd7 42. Qxd7 Qa8 43. Bxd2 Nxd2 44. Qxd2 b3 45. h5 Qb8 46. f6 b2 47. Qg5 Qf8 48. Qxe5 b1Q 49. Qf4 Qh1+ 50. Kg4 Qc8+ 0-1

[Event "SVK-chT2C 1112"]
[Site "Slovakia"]
[Date "2011.12.03"]
[Round "5.8"]
[White "Borgula, Ivan"]
[Black "Luptak, Pavel"]
[Result "0-1"]
[WhiteElo "1902"]
[BlackElo "1841"]
[PlyCount "105"]
[EventDate "2011.10.08"]
[EventType "team-tourn"]
[EventRounds "11"]
[EventCountry "SVK"]
[SourceTitle "EXT 2013"]
[Source "ChessBase"]
[SourceDate "2012.11.22"]
[SourceVersion "1"]
[SourceVersionDate "2012.11.22"]
[SourceQuality "1"]
[WhiteTeam "Banska Bystrica Veza"]
[BlackTeam "Zvolen Slavia"]
[WhiteTeamCountry "SVK"]
[BlackTeamCountry "SVK"]

1. e4 e5 2. Nf3 Nc6 3. c3 Nf6 4. Bd3 Be7 5. 0-0 d6 6. h3 0-0 7. Bc2 h6 8. a3 d5 9. d3 dxe4 10. dxe4 Qxd1 11. Rxd1 Be6 12. b4 b5 13. Kh2 a5 14. Bb2 a4 15. Nbd2 Rfd8 16. c4 bxc4 17. Nxe5 Nxe5 18. Bxe5 Bd6 19. Bg3 Bxg3+ 20. Kxg3 c3 21. Nf1 Bb3 22. Rdc1 Bxc2 23. Rxc2 Nxe4+ 24. Kf3 Rd4 25. Rac1 Rad8 26. Ke2 Re8 27. f3 Nd2+ 28. Kf2 Nb3 29. Rb1 Rd3 30. Re1 Red8 31. Rb1 Nd4 32. Ra2 c2 33. Rc1 Rd1 34. Rcxc2 Nxc2 35. Rxc2 R8d7 36. Ke2 R1d3 37. Rxc7 Rxc7 38. Kxd3 Kf8 39. Ne3 Rc1 40. b5 Ke8 41. Nc2 Kd7 42. Ne3 Kd6 43. Kd4 Kc7 44. Nc4 Rg1 45. Kc5 Rxg2 46. Kb4 Rc2 47. Na5 Rf2 48. Kxa4 Rxf3 49. Nc4 Rxh3 50. Ka5 Rc3 51. b6+ Kb8 52. Kb5 Rxc4 53. Kxc4 0-1

[Event "SVK-chT2C 1112"]
[Site "Slovakia"]
[Date "2011.10.08"]
[Round "1.8"]
[White "Kaniok, Jan"]
[Black "Luptak, Pavel"]
[Result "1-0"]
[WhiteElo "1917"]
[BlackElo "1841"]
[PlyCount "104"]
[EventDate "2011.10.08"]
[EventType "team-tourn"]
[EventRounds "11"]
[EventCountry "SVK"]
[SourceTitle "EXT 2013"]
[Source "ChessBase"]
[SourceDate "2012.11.22"]
[SourceVersion "1"]
[SourceVersionDate "2012.11.22"]
[SourceQuality "1"]
[WhiteTeam "Dunajov II"]
[BlackTeam "Zvolen Slavia"]
[WhiteTeamCountry "SVK"]
[BlackTeamCountry "SVK"]

1. e4 e5 2. Nf3 Nc6 3. Bb5 a6 4. Ba4 Nf6 5. d3 b5 6. Bb3 d6 7. c3 Be7 8. a4 Bb7 9. Bc2 0-0 10. 0-0 Nb8 11. Re1 Nbd7 12. d4 c5 13. d5 c4 14. Nbd2 Nc5 15. Nf1 Re8 16. Ng3 g6 17. Be3 Nfd7 18. Qd2 Bf8 19. Qe2 Bg7 20. Qd2 Qe7 21. Rf1 Rec8 22. a5 Rf8 23. h3 Rac8 24. Nh4 Rfe8 25. Bg5 Qf8 26. Be3 h6 27. f4 Kh7 28. f5 g5 29. Nf3 f6 30. h4 Qe7 31. Qe2 Rh8 32. Nh5 Kg8 33. Nh2 Qf7 34. Qg4 Kf8 35. Rf3 Ke7 36. Rh3 Rhg8 37. Nf3 Bf8 38. Kf2 Kd8 39. Rah1 Ba8 40. hxg5 fxg5 41. Nd2 Kc7 42. Qe2 Bg7 43. b4 cxb3 44. Nxb3 Bf6 45. g4 Bb7 46. Rd1 Bd8 47. Kf1 Kb8 48. Ra1 Rf8 49. c4 bxc4 50. Qxc4 Nxb3 51. Bxb3 Nc5 52. Bxc5 dxc5 1-0

[Event "SVK-chT2C 0708"]
[Site "Slovakia"]
[Date "2008.01.12"]
[Round "7.1"]
[White "Gregor, Jozef"]
[Black "Luptak, Pavel"]
[Result "1/2-1/2"]
[WhiteElo "2074"]
[BlackElo "1880"]
[PlyCount "46"]
[EventDate "2007.10.06"]
[EventType "team-tourn"]
[EventRounds "11"]
[EventCountry "SVK"]
[SourceTitle "EXT 2010"]
[Source "ChessBase"]
[SourceDate "2010.11.25"]
[SourceVersion "1"]
[SourceVersionDate "2010.11.25"]
[SourceQuality "1"]
[WhiteTeam "Banska Bystrica Junior"]
[BlackTeam "Zvolen Slavia"]
[WhiteTeamCountry "SVK"]
[BlackTeamCountry "SVK"]

1. Nf3 Nc6 2. d4 d5 3. c4 e6 4. Nc3 Bb4 5. Bf4 Nf6 6. e3 0-0 7. Bd3 dxc4 8. Bxc4 Ne4 9. Qc2 Nxc3 10. bxc3 Bd6 11. Bg5 Be7 12. Bxe7 Qxe7 13. 0-0 h6 14. Bb5 Bd7 15. Rab1 Rab8 16. e4 a6 17. Ba4 Qa3 18. Bb3 Na5 19. Ne5 Rfd8 20. Nc4 Nxc4 21. Bxc4 b5 22. Rb3 Qf8 23. Be2 c5 1/2-1/2

[Event "SVK-chT2C 0607"]
[Site "Slovakia"]
[Date "2006.10.14"]
[Round "1.6"]
[White "Prielozny, Eduard"]
[Black "Luptak, Pavel"]
[Result "0-1"]
[WhiteElo "1797"]
[BlackElo "2062"]
[PlyCount "63"]
[EventDate "2006.10.14"]
[EventType "team-tourn"]
[EventRounds "11"]
[EventCountry "SVK"]
[SourceTitle "EXT 2008"]
[Source "ChessBase"]
[SourceDate "2007.11.25"]
[SourceVersion "1"]
[SourceVersionDate "2007.11.25"]
[SourceQuality "1"]
[WhiteTeam "Zilina Mladost juniors"]
[BlackTeam "Zvolen Slavia"]
[WhiteTeamCountry "SVK"]
[BlackTeamCountry "SVK"]

1. d4 Nf6 2. c4 e6 3. Nc3 Bb4 4. Bg5 h6 5. Bh4 d6 6. a3 Bxc3+ 7. bxc3 b6 8. Nf3 Nbd7 9. e3 0-0 10. Bd3 Bb7 11. 0-0 Qe8 12. Nd2 Rb8 13. f3 d5 14. Qc2 Ba6 15. Bg3 Qc8 16. Rfe1 Nh5 17. cxd5 Bxd3 18. Qxd3 exd5 19. Bf2 f5 20. c4 Qa6 21. Qb3 Qa5 22. Red1 c6 23. Rac1 Rbc8 24. Be1 dxc4 25. Nxc4 Qd5 26. e4 fxe4 27. fxe4 Qf7 28. Bb4 c5 29. Rf1 Nf4 30. Qe3 cxb4 31. d5 Rxc4 32. Rxc4 0-1